[Event "Titled Tuesday intern op 16th Jan Late"]
[Site "Chess.com INT"]
[Date "2024.01.16"]
[Round "1"]
[White "Kochiev, Ivan"]
[Black "Palmer, Reegan"]
[Result "1-0"]
[WhiteElo "2051"]
[BlackElo "1862"]
[PlyCount "71"]
[EventDate "2024.01.16"]
[EventType "swiss (blitz)"]
[EventRounds "11"]
[EventCountry "USA"]
[SourceTitle "CB04_2024"]
[SourceDate "2023.10.16"]
[SourceVersion "1"]
[SourceVersionDate "2023.10.16"]
[SourceQuality "1"]

1. e4 e6 2. d4 d5 3. Nd2 c5 4. exd5 Qxd5 5. Ngf3 Nf6 6. Bc4 Qd8 7. 0-0 cxd4 8. Nb3 Nc6 9. Nbxd4 Nxd4 10. Nxd4 Bd6 11. h3 0-0 12. c3 a6 13. Qf3 Rb8 14. Bg5 Qc7 15. Bd3 Be7 16. Rad1 b5 17. Rfe1 Bb7 18. Qe2 h6 19. Bh4 Nd5 20. Bg3 Bd6 21. Nxe6 fxe6 22. Qxe6+ Qf7 23. Bxd6 Qxe6 24. Rxe6 Nf4 25. Re5 Rbd8 26. Bxf8 Nxd3 27. Re3 Rxf8 28. Rdxd3 Rf6 29. Rd7 Bc6 30. Ra7 Rg6 31. Rg3 Rd6 32. Rgxg7+ Kh8 33. Rgc7 Rg6 34. Rc8+ Rg8 35. Rxc6 Rg6 36. Rxg6 1-0

[Event "Titled Tuesday intern op 19th Dec Early"]
[Site "Chess.com INT"]
[Date "2023.12.19"]
[Round "2"]
[White "Czerw, Dawid"]
[Black "Palmer, Reegan"]
[Result "1-0"]
[WhiteElo "2394"]
[BlackElo "1860"]
[PlyCount "63"]
[EventDate "2023.12.19"]
[EventType "swiss (blitz)"]
[EventRounds "11"]
[EventCountry "USA"]
[SourceTitle "CB52_2023"]
[SourceDate "2023.12.27"]
[SourceVersion "1"]
[SourceVersionDate "2023.12.27"]
[SourceQuality "1"]

1. e4 c5 2. Nf3 d6 3. d4 cxd4 4. Nxd4 Nf6 5. Nc3 a6 6. h4 e5 7. Nb3 Be7 8. Be2 h5 9. Bg5 Be6 10. Qd2 Nbd7 11. 0-0-0 Qc7 12. f3 b5 13. Nd5 Bxd5 14. exd5 Rc8 15. Kb1 Nb6 16. Bxf6 Bxf6 17. Na5 0-0 18. g4 e4 19. g5 Be5 20. f4 e3 21. Qd3 Bxf4 22. Bxh5 Nxd5 23. Qxd5 Qxc2+ 24. Ka1 e2 25. Rb1 Rc5 26. Qf3 Be5 27. Qxe2 Qa4 28. Nb3 Rc4 29. Rbf1 Rb4 30. Qf3 Rc4 31. Bxf7+ Kh8 32. Qh5# 1-0

[Event "Titled Tuesday intern op 19th Dec Early"]
[Site "Chess.com INT"]
[Date "2023.12.19"]
[Round "5"]
[White "Dwilewicz, Katarzyna"]
[Black "Palmer, Reegan"]
[Result "0-1"]
[WhiteElo "2112"]
[BlackElo "1860"]
[PlyCount "62"]
[EventDate "2023.12.19"]
[EventType "swiss (blitz)"]
[EventRounds "11"]
[EventCountry "USA"]
[SourceTitle "CB52_2023"]
[SourceDate "2023.12.27"]
[SourceVersion "1"]
[SourceVersionDate "2023.12.27"]
[SourceQuality "1"]

1. e4 c5 2. c3 e6 3. d4 d5 4. exd5 exd5 5. Nf3 Nf6 6. Bb5+ Nc6 7. 0-0 Be7 8. Re1 0-0 9. dxc5 Bxc5 10. Nbd2 Ng4 11. Rf1 Nxf2 12. Rxf2 Bxf2+ 13. Kxf2 Qb6+ 14. Kg3 Qxb5 15. Nb3 Be6 16. Be3 Qc4 17. Nc5 b6 18. Nd3 Rae8 19. Qd2 Bf5 20. Nf4 Ne5 21. Nd4 Be4 22. h3 Qc7 23. Kf2 f5 24. b3 Qf7 25. Kg1 g5 26. Nfe2 f4 27. Bf2 f3 28. Ng3 fxg2 29. Re1 Qxf2+ 30. Qxf2 Rxf2 31. Kxf2 Nd3+ 0-1

[Event "Titled Tuesday intern op 19th Dec Early"]
[Site "Chess.com INT"]
[Date "2023.12.19"]
[Round "6"]
[White "Zeneli, Klendi"]
[Black "Palmer, Reegan"]
[Result "1-0"]
[WhiteElo "2148"]
[BlackElo "1860"]
[PlyCount "97"]
[EventDate "2023.12.19"]
[EventType "swiss (blitz)"]
[EventRounds "11"]
[EventCountry "USA"]
[SourceTitle "CB52_2023"]
[SourceDate "2023.12.27"]
[SourceVersion "1"]
[SourceVersionDate "2023.12.27"]
[SourceQuality "1"]

1. e4 c5 2. c3 e6 3. d4 d5 4. e5 Nc6 5. Nf3 Qb6 6. a3 Nh6 7. Bd3 Bd7 8. dxc5 Bxc5 9. 0-0 Ng4 10. Qe2 Qc7 11. Bf4 f6 12. h3 Ngxe5 13. Nxe5 Nxe5 14. Qh5+ Ke7 15. Nd2 Bd6 16. Bxe5 Bxe5 17. Nf3 Be8 18. Qg4 f5 19. Bxf5 h5 20. Qg5+ Bf6 21. Qe3 Bf7 22. Rfe1 Rhe8 23. Ng5 Bxg5 24. Qxg5+ Kf8 25. Bg6 Bxg6 26. Qxg6 Qf7 27. Qg5 g6 28. Re3 Kg7 29. Rf3 Qe7 30. Qe5+ Kh7 31. Re1 Rac8 32. Rf6 Rc6 33. Qg5 Qg7 34. Re3 Rf8 35. Rfxe6 Rxe6 36. Rxe6 Qf7 37. Re7 Kg7 38. Rxf7+ Rxf7 39. Qxd5 Rf6 40. Qxb7+ Rf7 41. Qd5 a5 42. Qxa5 g5 43. Qxg5+ Kh7 44. Qxh5+ Kg7 45. Qxf7+ Kxf7 46. a4 Ke6 47. a5 Kd7 48. h4 Kc8 49. h5 1-0

[Event "Titled Tuesday intern op 12th Dec Early"]
[Site "Chess.com INT"]
[Date "2023.12.12"]
[Round "2"]
[White "Tabuenca Mendataurigoitia, Daniel"]
[Black "Palmer, Reegan"]
[Result "1-0"]
[WhiteElo "2343"]
[BlackElo "1860"]
[PlyCount "153"]
[EventDate "2023.12.12"]
[EventType "swiss (blitz)"]
[EventRounds "11"]
[EventCountry "USA"]
[SourceTitle "CB51_2023"]
[SourceDate "2023.12.20"]
[SourceVersion "1"]
[SourceVersionDate "2023.12.20"]
[SourceQuality "1"]

1. Nf3 Nf6 2. g3 g6 3. Bg2 Bg7 4. 0-0 0-0 5. d3 c5 6. e4 d6 7. c3 e5 8. h3 Nc6 9. Re1 Ne8 10. Na3 a6 11. Nc2 f5 12. Bg5 Qb6 13. Ne3 Be6 14. Nd5 Bxd5 15. exd5 Nd8 16. Rb1 h6 17. Be3 Qc7 18. a3 a5 19. h4 Nf7 20. b4 axb4 21. axb4 b6 22. bxc5 bxc5 23. Nd2 Nf6 24. Nc4 Rfb8 25. Qc2 Ng4 26. Bd2 g5 27. hxg5 hxg5 28. Rxb8+ Rxb8 29. Rb1 f4 30. Bh3 Nfh6 31. f3 Nf6 32. Be6+ Kh8 33. g4 Bf8 34. Rb3 Kg7 35. Qb1 Rxb3 36. Qxb3 Nf7 37. Na3 Nd8 38. Nb5 Qa5 39. Kf2 Qb6 40. c4 Be7 41. Bf5 Ne8 42. Qa4 Nc7 43. Ba5 Qa6 44. Nxc7 Qa7 45. Nb5 Qb8 46. Bxd8 Bxd8 47. Qa7+ Qxa7 48. Nxa7 Be7 49. Nc8 Bf8 50. Ke2 Kf6 51. Kd2 Kf7 52. Kc3 Ke8 53. Kb3 Kd8 54. Ka4 Kc7 55. Kb5 Bg7 56. Ne7 Bf6 57. Nc6 Bg7 58. Ka6 Bf6 59. Na7 Bg7 60. Nb5+ Kd8 61. Kb7 Bf8 62. Kc6 Ke7 63. Nxd6 Kf6 64. Nb7 e4 65. dxe4 Ke5 66. d6 Kf6 67. d7 Be7 68. d8Q Bxd8 69. Nxd8 Ke5 70. Kxc5 Kf6 71. Kd6 Kg7 72. c5 Kh8 73. c6 Kg7 74. c7 Kh6 75. c8Q Kg7 76. Ne6+ Kf6 77. Qf8# 1-0

[Event "South African op"]
[Site "Cape Town"]
[Date "2022.07.10"]
[Round "4"]
[White "Palmer, Reegan"]
[Black "Klaasen, Calvin Jong"]
[Result "0-1"]
[WhiteElo "1759"]
[BlackElo "2212"]
[PlyCount "102"]
[EventDate "2022.07.09"]
[EventType "swiss"]
[EventRounds "11"]
[EventCountry "RSA"]
[SourceTitle "CBM 209 Extra"]
[Source "ChessBase"]
[SourceDate "2022.09.30"]
[SourceVersion "1"]
[SourceVersionDate "2022.09.30"]
[SourceQuality "1"]

1. c4 c5 2. Nc3 g6 3. g3 Bg7 4. Bg2 Nc6 5. d3 d6 6. e4 e6 7. Nge2 Nge7 8. 0-0 0-0 9. a3 b6 10. Rb1 Bb7 11. b4 Qd7 12. Be3 Rad8 13. d4 cxd4 14. Nxd4 Ne5 15. Qb3 Rc8 16. c5 Ng4 17. cxd6 Nc6 18. Nce2 Nxe3 19. Qxe3 Qxd6 20. Nxc6 Qxc6 21. Rfc1 Qb5 22. f4 Ba6 23. Bf3 Qd3 24. Qxd3 Bxd3 25. Rxc8 Rxc8 26. Rd1 Bb5 27. e5 Bf8 28. Nd4 Ba4 29. Rd3 a5 30. bxa5 bxa5 31. Kg2 Rd8 32. Be4 Bxa3 33. Rxa3 Rxd4 34. Kf3 Rb4 35. Ra1 h5 36. h3 Kg7 37. g4 h4 38. f5 exf5 39. gxf5 gxf5 40. Bxf5 Bc6+ 41. Ke3 a4 42. Bc2 Kf8 43. Rb1 Rxb1 44. Bxb1 Bd7 45. Kf4 Bxh3 46. Kg5 Be6 47. Kxh4 a3 48. Kg5 Ke7 49. Kf4 Bb3 50. Ke3 a2 51. Bxa2 Bxa2 0-1

[Event "South African op"]
[Site "Cape Town"]
[Date "2022.07.09"]
[Round "2"]
[White "Palmer, Reegan"]
[Black "Morgan, Nathan"]
[Result "1-0"]
[WhiteElo "1759"]
[BlackElo "1366"]
[PlyCount "99"]
[EventDate "2022.07.09"]
[EventType "swiss"]
[EventRounds "11"]
[EventCountry "RSA"]
[SourceTitle "CBM 209 Extra"]
[Source "ChessBase"]
[SourceDate "2022.09.30"]
[SourceVersion "1"]
[SourceVersionDate "2022.09.30"]
[SourceQuality "1"]

1. c4 c5 2. Nc3 Nc6 3. g3 g6 4. Bg2 Bg7 5. d3 e6 6. e4 Nge7 7. Nge2 d6 8. 0-0 0-0 9. a3 b6 10. Rb1 Bb7 11. b4 Nd4 12. Nxd4 Bxd4 13. Ne2 Bg7 14. Be3 Qd7 15. f4 f5 16. Qd2 Nc6 17. exf5 exf5 18. d4 Nxd4 19. Nxd4 Bxg2 20. Kxg2 cxd4 21. Bxd4 Qc6+ 22. Kh3 Rfe8 23. Bxg7 Kxg7 24. Qd4+ Kg8 25. Rbd1 Rad8 26. Qd5+ Qxd5 27. Rxd5 Rc8 28. Rxd6 Rxc4 29. Rfd1 Rce4 30. Rc1 Kf7 31. Rc7+ R4e7 32. Rc3 Re3 33. Rd7+ R8e7 34. Rxe3 Rxd7 35. g4 Rd4 36. gxf5 Rxf4 37. Rc3 Re4 38. Rc7+ Re7 39. Rxe7+ Kxe7 40. fxg6 hxg6 41. Kg4 Kf6 42. Kf4 a5 43. bxa5 bxa5 44. Ke4 Ke6 45. Kd4 Kd6 46. Kc4 Kc6 47. a4 g5 48. h3 Kb6 49. Kd5 Kc7 50. Kc5 1-0

[Event "Kimberley Moja op"]
[Site "Kimberley"]
[Date "2022.03.20"]
[Round "3"]
[White "Palmer, Reegan"]
[Black "Horne, Andrew H"]
[Result "1-0"]
[WhiteElo "1572"]
[BlackElo "1931"]
[PlyCount "69"]
[EventDate "2022.03.19"]
[EventType "swiss"]
[EventRounds "7"]
[EventCountry "RSA"]
[SourceTitle "EXT 2023"]
[Source "ChessBase"]
[SourceDate "2022.10.05"]
[SourceVersion "1"]
[SourceVersionDate "2022.10.05"]
[SourceQuality "1"]

1. c4 e5 2. Nc3 Nc6 3. g3 Bc5 4. Bg2 d6 5. e3 Nf6 6. Nge2 Bg4 7. a3 a5 8. Qa4 Bd7 9. Qd1 0-0 10. d4 exd4 11. exd4 Bb6 12. 0-0 Bg4 13. h3 Bh5 14. g4 Bg6 15. Bg5 h6 16. Bh4 Bh7 17. f4 Re8 18. Kh1 Qd7 19. Bxf6 gxf6 20. f5 Qe7 21. Bf3 Qf8 22. Nd5 Qg7 23. Nxb6 cxb6 24. Nc3 Qg5 25. Nd5 Qh4 26. Bg2 Rad8 27. Qd2 Kg7 28. Nf4 Re7 29. b4 Rde8 30. b5 Nd8 31. Qf2 Qg5 32. h4 Qxg4 33. Bh3 Bxf5 34. Bxg4 Bxg4 35. Rae1 1-0

[Event "Africa-ch U12"]
[Site "Windhoek"]
[Date "2019.12.21"]
[Round "9.2"]
[White "Khaled, Yousef"]
[Black "Palmer, Reegan"]
[Result "1/2-1/2"]
[WhiteElo "1935"]
[BlackElo "1154"]
[PlyCount "34"]
[EventDate "2019.12.16"]
[EventType "swiss"]
[EventRounds "9"]
[EventCountry "NAM"]
[SourceTitle "EXT 2024"]
[Source "ChessBase"]
[SourceDate "2023.10.10"]
[SourceVersion "1"]
[SourceVersionDate "2023.10.10"]
[SourceQuality "1"]

1. e4 e5 2. d4 exd4 3. c3 d5 4. exd5 c6 5. dxc6 dxc3 6. Nf3 Nf6 7. Bd3 Bd6 8. h3 h6 9. Nxc3 Nxc6 10. 0-0 0-0 11. a3 a6 12. Be3 Be6 13. Qd2 Qd7 14. Bxh6 gxh6 15. Qxh6 Bf5 16. Qg5+ Bg6 17. Ne5 Bxe5 1/2-1/2

[Event "Africa-ch U12"]
[Site "Windhoek"]
[Date "2019.12.19"]
[Round "6.3"]
[White "Ofile, Masilo"]
[Black "Palmer, Reegan"]
[Result "0-1"]
[WhiteElo "1351"]
[BlackElo "1154"]
[PlyCount "41"]
[EventDate "2019.12.16"]
[EventType "swiss"]
[EventRounds "9"]
[EventCountry "NAM"]
[SourceTitle "EXT 2024"]
[Source "ChessBase"]
[SourceDate "2023.10.10"]
[SourceVersion "1"]
[SourceVersionDate "2023.10.10"]
[SourceQuality "1"]

1. d4 d5 2. c4 Nf6 3. Nc3 e6 4. Nf3 Bb4 5. Qc2 Nbd7 6. e3 b6 7. a3 Be7 8. Bd3 Bb7 9. Qe2 c5 10. 0-0 0-0 11. cxd5 exd5 12. Rd1 Re8 13. b3 Rc8 14. Bb2 Nf8 15. Ba6 Qc7 16. Bxb7 Qxb7 17. Qd3 Red8 18. a4 a6 19. Rac1 h6 20. dxc5 bxc5 21. Rb1 0-1

[Event "Africa-ch U12"]
[Site "Windhoek"]
[Date "2019.12.17"]
[Round "4.8"]
[White "Shane, Kennedy"]
[Black "Palmer, Reegan"]
[Result "0-1"]
[WhiteElo "1314"]
[BlackElo "1154"]
[PlyCount "91"]
[EventDate "2019.12.16"]
[EventType "swiss"]
[EventRounds "9"]
[EventCountry "NAM"]
[SourceTitle "EXT 2024"]
[Source "ChessBase"]
[SourceDate "2023.10.10"]
[SourceVersion "1"]
[SourceVersionDate "2023.10.10"]
[SourceQuality "1"]

1. e4 e5 2. Nf3 Nc6 3. Bc4 Nf6 4. Ng5 d5 5. exd5 Na5 6. Bb3 Nxb3 7. axb3 Nxd5 8. Ne4 Bf5 9. d3 Nf6 10. Bg5 Bxe4 11. Bxf6 Qxf6 12. dxe4 Rd8 13. Qe2 a6 14. 0-0 Bc5 15. Nc3 c6 16. Rad1 0-0 17. Rd3 Rxd3 18. Qxd3 Rd8 19. Qe2 Bd4 20. Qc4 b5 21. Qe2 a5 22. h3 h6 23. Ra1 Bb6 24. Rd1 Rd4 25. Rxd4 Bxd4 26. Nd1 Qe6 27. c3 Bb6 28. c4 b4 29. Qd3 Bd4 30. Kf1 g6 31. Ke2 Qf6 32. Qf3 Qg5 33. Qg4 Qc1 34. Qc8+ Kg7 35. Qxc6 Qc2+ 36. Ke1 Qxb3 37. c5 Bxb2 38. Nxb2 Qxb2 39. Qb5 Qc3+ 40. Ke2 b3 41. Qd3 Qxc5 42. Qxb3 Qd4 43. Kf3 a4 44. Qa3 Qd1+ 45. Ke3 Qd4+ 46. Kf3 0-1

[Event "RSA-ch U10"]
[Site "Gauteng"]
[Date "2017.04.11"]
[Round "11"]
[White "Bester, Ethan"]
[Black "Palmer, Reegan"]
[Result "1/2-1/2"]
[WhiteElo "1047"]
[BlackElo "1118"]
[PlyCount "47"]
[EventDate "2017.04.05"]
[EventType "swiss"]
[EventRounds "11"]
[EventCountry "RSA"]
[SourceTitle "CBM 177 Extra"]
[Source "ChessBase"]
[SourceDate "2017.04.27"]
[SourceVersion "1"]
[SourceVersionDate "2017.04.27"]
[SourceQuality "1"]

1. e4 c5 2. Nc3 d6 3. f4 Nc6 4. Nf3 g6 5. Bc4 Bg7 6. d3 Bg4 7. Bxf7+ Kxf7 8. Ng5+ Ke8 9. Qxg4 Qc8 10. Qg3 Nd4 11. Qf2 Nf6 12. h3 h6 13. Nf3 Nxf3+ 14. Qxf3 Rf8 15. Nd5 Nxd5 16. exd5 Qf5 17. g4 Qf6 18. Rf1 Kd7 19. c3 Rae8 20. Bd2 b5 21. Qe3 e6 22. 0-0-0 exd5 23. g5 hxg5 24. Qf3 1/2-1/2

[Event "RSA-ch U10"]
[Site "Gauteng"]
[Date "2017.04.07"]
[Round "5"]
[White "Palmer, Reegan"]
[Black "Vather, Shayur"]
[Result "0-1"]
[WhiteElo "1118"]
[BlackElo "1338"]
[PlyCount "146"]
[EventDate "2017.04.05"]
[EventType "swiss"]
[EventRounds "11"]
[EventCountry "RSA"]
[SourceTitle "CBM 177 Extra"]
[Source "ChessBase"]
[SourceDate "2017.04.27"]
[SourceVersion "1"]
[SourceVersionDate "2017.04.27"]
[SourceQuality "1"]

1. e4 c5 2. Nc3 g6 3. f4 Bg7 4. Nf3 d6 5. Bc4 Nc6 6. d3 Nf6 7. 0-0 0-0 8. Qe1 Bg4 9. h3 Bxf3 10. Rxf3 Nd4 11. Rf2 a6 12. Bb3 b5 13. Ne2 Nd7 14. c3 Nxe2+ 15. Qxe2 Qb6 16. Be3 a5 17. Qd2 b4 18. Rb1 a4 19. Bc2 b3 20. axb3 axb3 21. Bd1 Ra2 22. Bg4 Nf6 23. Bf3 Rb8 24. Rff1 Qa6 25. Rfd1 c4 26. d4 Rb5 27. Qe1 Rba5 28. Qf1 Nd7 29. Be2 e6 30. Bxc4 Qb7 31. Qf2 R2a4 32. Bd3 Qa8 33. Qf1 Nf6 34. Qf3 Ra1 35. Kh2 Rxb1 36. Rxb1 Ra1 37. Rxa1 Qxa1 38. Qe2 Qa4 39. e5 dxe5 40. dxe5 Nd5 41. c4 Nxe3 42. Qxe3 Bh6 43. Qd4 Kg7 44. g4 Kg8 45. f5 Qa5 46. Bb1 exf5 47. gxf5 Bg7 48. f6 Bf8 49. Qd5 Qe1 50. Qe4 Qf2+ 51. Qg2 Qf4+ 52. Qg3 Qxc4 53. Qc3 Qe2+ 54. Kg3 Qd1 55. Be4 Qh5 56. h4 Qd1 57. Kf2 Qg4 58. Bd5 Qxh4+ 59. Kg2 Qg4+ 60. Kf2 Qf5+ 61. Kg1 Qb1+ 62. Kf2 Qc2+ 63. Ke3 Bc5+ 64. Kf3 Qf2+ 65. Kg4 h5+ 66. Kh3 Qf5+ 67. Kg2 Qf2+ 68. Kh3 g5 69. Bxf7+ Kxf7 70. Qxb3+ Kg6 71. Qg8+ Kf5 72. Qc8+ Kf4 73. Qxc5 Qg3# 0-1

[Event "RSA-ch U10"]
[Site "Bloemfontein"]
[Date "2016.03.26"]
[Round "11"]
[White "Palmer, Reegan"]
[Black "Stuurman, Neo"]
[Result "0-1"]
[WhiteElo "999"]
[BlackElo "1151"]
[PlyCount "51"]
[EventDate "2016.03.20"]
[EventType "swiss"]
[EventRounds "11"]
[EventCountry "RSA"]
[SourceTitle "CBM 171 Extra"]
[Source "ChessBase"]
[SourceDate "2016.04.26"]
[SourceVersion "1"]
[SourceVersionDate "2016.04.26"]
[SourceQuality "1"]

1. d4 Nf6 2. c4 g6 3. e3 Bg7 4. Nf3 d6 5. g3 Nbd7 6. Bg2 0-0 7. 0-0 c5 8. Nc3 Rb8 9. a4 a6 10. Bd2 b6 11. d5 Ng4 12. h3 Nge5 13. Nxe5 Nxe5 14. b3 Bf5 15. e4 Bc8 16. f4 Nd7 17. Rc1 Bb7 18. f5 Ne5 19. Ne2 Qc7 20. Qc2 b5 21. g4 bxc4 22. bxc4 g5 23. f6 Bh8 24. Rf2 Rfe8 25. Rff1 Qb6 26. h4 0-1

[Event "RSA-chT U10"]
[Site "Cape Town"]
[Date "2016.01.06"]
[Round "6.7"]
[White "Palmer, Reegan"]
[Black "Engelbrecht, Ewald"]
[Result "1-0"]
[WhiteElo "1008"]
[BlackElo "846"]
[PlyCount "43"]
[EventDate "2016.01.04"]
[EventType "team-tourn"]
[EventRounds "7"]
[EventCountry "RSA"]
[SourceTitle "CBM 170 Extra"]
[Source "ChessBase"]
[SourceDate "2016.02.25"]
[SourceVersion "1"]
[SourceVersionDate "2016.02.25"]
[SourceQuality "1"]
[WhiteTeam "Western Province"]
[BlackTeam "Johannesburg Metro"]
[WhiteTeamCountry "RSA"]
[BlackTeamCountry "RSA"]

1. d4 d5 2. c4 Nf6 3. Nc3 Nc6 4. Bf4 g6 5. f3 Bf5 6. cxd5 Nxd5 7. Nxd5 Qxd5 8. e4 Bxe4 9. fxe4 Qxe4+ 10. Ne2 e6 11. Qc1 Bb4+ 12. Bd2 Bxd2+ 13. Qxd2 Qh4+ 14. Ng3 Qe7 15. 0-0-0 Rd8 16. Ne4 Nxd4 17. Qc3 Nc6 18. Qf6 Qxf6 19. Nxf6+ Ke7 20. Bb5 a6 21. Bxc6 bxc6 22. Rhf1 1-0

[Event "RSA-chT U10"]
[Site "Cape Town"]
[Date "2016.01.05"]
[Round "3.7"]
[White "Bruintjies, Hailey Carla"]
[Black "Palmer, Reegan"]
[Result "0-1"]
[WhiteElo "840"]
[BlackElo "1008"]
[PlyCount "39"]
[EventDate "2016.01.04"]
[EventType "team-tourn"]
[EventRounds "7"]
[EventCountry "RSA"]
[SourceTitle "CBM 170 Extra"]
[Source "ChessBase"]
[SourceDate "2016.02.25"]
[SourceVersion "1"]
[SourceVersionDate "2016.02.25"]
[SourceQuality "1"]
[WhiteTeam "Nelson Mandela Bay"]
[BlackTeam "Western Province"]
[WhiteTeamCountry "RSA"]
[BlackTeamCountry "RSA"]

1. e4 e5 2. Nf3 Nc6 3. Bc4 Nf6 4. Ng5 d5 5. exd5 Na5 6. d3 Nxc4 7. dxc4 c6 8. Nc3 Be7 9. 0-0 cxd5 10. cxd5 Ng4 11. Nf3 Bh4 12. g3 Be7 13. Re1 Bc5 14. Qe2 f6 15. Bd2 Bxf2+ 16. Kf1 Bxe1 17. Rxe1 0-0 18. Qc4 Qb6 19. d6+ Kh8 20. Re2 0-1